[Event "Xtracon Chess Open 2018"]
[Site "Elsinore"]
[Date "2018.07.21"]
[Round "1"]
[White "Schjolin, John"]
[Black "Quinn, David"]
[Result "0-1"]
[WhiteElo "1160"]
[BlackElo "1987"]
[EventDate "2018.07.21"]
[WhiteFideId "1439413"]
[BlackFideId "2401452"]

1.e4 e5 2.c4 Nf6 3.Nc3 c6 4.Nf3 Bb4 5.Nxe5 O-O 6.d4 Nxe4 7.Bd2 Bxc3 8.Bxc3
d6 9.Nd3 Re8 10.Be2 Bg4 11.f3 Qh4+ 12.g3 Nxg3 13.Kd2 Rxe2+ 14.Kc1 Bxf3 15.
hxg3 Qxh1 16.Qxh1 Bxh1 17.Bd2 Nd7 18.Kc2 Be4 19.Re1 Rxe1 20.Bxe1 Rf8 21.
Kc3 Bxd3 0-1

[Event "Xtracon Chess Open 2018"]
[Site "Elsinore"]
[Date "2018.07.21"]
[Round "1"]
[White "Slettebo, Jan"]
[Black "Olsen, Lars Peter Levin"]
[Result "1-0"]
[WhiteElo "1987"]
[BlackElo "1106"]
[EventDate "2018.07.21"]
[WhiteFideId "1704958"]
[BlackFideId "1454102"]

1.e4 e5 2.Nf3 Nc6 3.d4 Nf6 4.dxe5 Nxe4 5.Bc4 Bc5 6.Qd5 Bxf2+ 7.Ke2 O-O 8.
Qxe4 Bc5 9.Rd1 Be7 10.Kf1 d6 11.Nc3 Be6 12.Bf4 Bxc4+ 13.Qxc4 Qd7 14.Nd5 
Rac8 15.Qb5 b6 16.Qxc6 Qe6 17.Re1 h6 18.Nd4 Qxd5 19.Qxd5 Kh8 20.Nc6 Bg5 
21.Bxg5 hxg5 22.exd6 cxd6 23.Qxd6 f5 24.Re7 Rf6 25.Re6 Rcf8 26.Rae1 f4 27.
Rxf6 Rxf6 28.Re8+ Kh7 29.Qd3+ 1-0

[Event "Xtracon Chess Open 2018"]
[Site "Elsinore"]
[Date "2018.07.21"]
[Round "1"]
[White "Vitiugov, Nikita"]
[Black "Mansoor, Afras"]
[Result "1-0"]
[WhiteElo "2734"]
[BlackElo "1973"]
[EventDate "2018.07.21"]
[WhiteFideId "4152956"]
[BlackFideId "1522108"]

1.c4 Nf6 2.Nc3 g6 3.e4 d6 4.d4 Bg7 5.f3 O-O 6.Be3 Nbd7 7.Qd2 a6 8.Nh3 c5 
9.Nf2 Qa5 10.Be2 cxd4 11.Bxd4 Ne5 12.b4 Qc7 13.Nd5 Nxd5 14.cxd5 b5 15.O-O 
e6 16.Rac1 Qb7 17.f4 Nc4 18.Bxc4 bxc4 19.Bxg7 Kxg7 20.dxe6 Bxe6 21.f5 Bd7 
22.Rxc4 Bb5 23.f6+ Kh8 24.Qh6 Rg8 25.Rc3 Bd7 26.Nh3 Qb6+ 27.Rf2 1-0

[Event "Xtracon Chess Open 2018"]
[Site "Elsinore"]
[Date "2018.07.21"]
[Round "1"]
[White "Preuss, Flemming"]
[Black "Andreikin, Dmitry"]
[Result "0-1"]
[WhiteElo "1971"]
[BlackElo "2702"]
[EventDate "2018.07.21"]
[WhiteFideId "1403338"]
[BlackFideId "4158814"]

1.e4 c5 2.Nf3 e6 3.d4 cxd4 4.Nxd4 a6 5.g3 d5 6.Bg2 dxe4 7.O-O f5 8.Nc3 Nf6
9.h3 Bd6 10.Qe2 Be5 11.Nb3 O-O 12.Be3 Qc7 13.Bd4 Bxd4 14.Nxd4 e5 15.Nb3 
Be6 16.Rfe1 Nbd7 17.Rad1 Nb6 18.f3 exf3 19.Qxf3 Rab8 20.Nd2 e4 21.Qe3 Nbd5
22.Nxd5 Nxd5 23.Qd4 Qxg3 24.Nf1 Qg5 25.Qe5 Nf4 26.Rd2 Rbd8 27.Red1 Nxh3+ 
28.Kh2 Nf4 29.Ne3 Rxd2 30.Rxd2 Qh6+ 31.Kg1 Nxg2 32.Rxg2 Qxe3+ 33.Kh2 Qh6+ 
34.Kg1 Rd8 35.Qxg7+ Qxg7 0-1

[Event "Xtracon Chess Open 2018"]
[Site "Elsinore"]
[Date "2018.07.21"]
[Round "1"]
[White "Saric, Ivan"]
[Black "Ramkilde, Mikael"]
[Result "1-0"]
[WhiteElo "2689"]
[BlackElo "1971"]
[EventDate "2018.07.21"]
[WhiteFideId "14508150"]
[BlackFideId "1439391"]

1.e4 e6 2.d4 d5 3.Nc3 Bb4 4.e5 c5 5.a3 Bxc3+ 6.bxc3 Ne7 7.Qg4 Qc7 8.Qxg7 
Rg8 9.Qxh7 cxd4 10.Ne2 Bd7 11.cxd4 Bb5 12.Rb1 Ba6 13.h4 Nbc6 14.c3 Rc8 15.
Rh3 Qa5 16.Rf3 Nd8 17.Bg5 Rf8 18.Ng3 Ndc6 19.Bxa6 Qxa6 20.Bh6 Rg8 21.Rxf7 
Kd7 22.Bg5 1-0

[Event "Xtracon Chess Open 2018"]
[Site "Elsinore"]
[Date "2018.07.21"]
[Round "1"]
[White "Askerov, Imamali"]
[Black "Grandelius, Nils"]
[Result "0-1"]
[WhiteElo "1970"]
[BlackElo "2668"]
[EventDate "2018.07.21"]
[WhiteFideId "12974498"]
[BlackFideId "1710400"]

1.e4 c5 2.Nf3 e6 3.d4 cxd4 4.Nxd4 a6 5.Bd3 Bc5 6.Nb3 Be7 7.Nc3 d6 8.Be3 
Nf6 9.a4 Bd7 10.a5 Bc6 11.f4 Nbd7 12.O-O e5 13.g4 h5 14.h3 hxg4 15.hxg4 
exf4 16.Bxf4 Rh4 17.Be2 Ne5 18.Bg3 Rh8 19.Qd4 Qd7 20.Bxe5 dxe5 21.Qxe5 Qd6
22.Qxd6 Bxd6 23.Bf3 O-O-O 24.Rad1 Bh2+ 25.Kg2 Rxd1 26.Rxd1 Be5 27.g5 Nh5 
28.Bg4+ Kb8 29.Nd4 Nf4+ 30.Kf3 Be8 31.Nd5 Nh3 32.Bxh3 Rxh3+ 33.Ke2 f6 34.
Rd3 Bh5+ 35.Kd2 Rh2+ 36.Kc3 fxg5 37.Kb3 g4 38.Nf5 Rh3 39.Nde3 g6 40.Nh6 
Rxe3 41.Rxe3 Bf4 42.Nxg4 Bxg4 43.Re1 Be6+ 44.Kc3 Be5+ 45.Kd3 g5 46.Ke3 
Bxb2 47.Rg1 Kc7 48.e5 Kc6 49.Ke4 g4 50.Rd1 Ba3 51.Rb1 Bc5 52.Kf4 Bf2 53.
Rd1 g3 54.Rd6+ Kc5 55.Kf3 Bd5+ 56.Ke2 Bd4 0-1

[Event "Xtracon Chess Open 2018"]
[Site "Elsinore"]
[Date "2018.07.21"]
[Round "1"]
[White "Jobava, Baadur"]
[Black "Mai, Alexander Oliver"]
[Result "1-0"]
[WhiteElo "2644"]
[BlackElo "1966"]
[EventDate "2018.07.21"]
[WhiteFideId "13601520"]
[BlackFideId "2313391"]

1.d4 d5 2.c4 e6 3.Nc3 Nf6 4.Bf4 Be7 5.e3 O-O 6.a3 b6 7.Nb5 Na6 8.Rc1 Bb7 
9.Nf3 c6 10.Nc3 Nc7 11.Be5 dxc4 12.Bxc4 Ncd5 13.O-O Nxc3 14.Rxc3 c5 15.
dxc5 Qxd1 16.Rxd1 Bxc5 17.Bxf6 Bxf3 18.gxf3 gxf6 19.b4 Be7 20.Rd7 Bd8 21.
Ba6 f5 22.f4 Bf6 23.Rcc7 Rad8 24.Rxa7 Rxd7 25.Rxd7 Ra8 26.Be2 Re8 27.Rb7 
Bd8 28.a4 Re7 29.Rb8 Rd7 30.a5 bxa5 31.bxa5 Kg7 32.a6 Be7 33.Rc8 Ra7 34.
Kg2 Kf6 35.Kf3 Bb4 36.Bb5 Ba5 37.Ke2 Re7 38.Rb8 Bb4 39.Bd7 Rxd7 40.Rxb4 
Ra7 41.Rb6 Kg7 42.Kd3 Kf8 43.Kc4 Ke8 44.Rb8+ Kd7 45.Rb7+ Rxb7 46.axb7 Kc7 
47.Kc5 h5 48.b8=Q+ Kxb8 49.Kd6 h4 50.Ke7 Kc7 51.h3 Kc6 52.Kxf7 Kd5 53.Kf6 
Ke4 54.Kxe6 Kf3 55.Kxf5 Kxf2 56.Kg4 Kxe3 57.f5 1-0

[Event "Xtracon Chess Open 2018"]
[Site "Elsinore"]
[Date "2018.07.21"]
[Round "1"]
[White "Hyldkrog, Lars"]
[Black "Shirov, Alexei"]
[Result "0-1"]
[WhiteElo "1961"]
[BlackElo "2637"]
[EventDate "2018.07.21"]
[WhiteFideId "1402781"]
[BlackFideId "2209390"]

1.e4 e6 2.d4 d5 3.Nd2 Be7 4.Ngf3 c5 5.exd5 exd5 6.Bb5+ Bd7 7.Bxd7+ Nxd7 8.
O-O Ngf6 9.c3 O-O 10.Re1 Re8 11.Nf1 c4 12.Bf4 Qb6 13.Qc2 Bd6 14.Bxd6 Qxd6 
15.Ng3 g6 16.Qd2 Ne4 17.Qh6 f5 18.Ng5 Ndf6 19.N3xe4 dxe4 20.Qh4 Re7 21.Re3
Nd5 22.Rh3 Qf4 23.Qxf4 Nxf4 24.Re3 Nd5 25.Re2 h6 26.Nh3 g5 27.Kf1 g4 28.
Ng1 f4 29.Rc2 f3 30.b3 Rc8 31.Rb1 cxb3 32.Rxb3 Rec7 33.gxf3 exf3 34.h3 h5 
35.hxg4 hxg4 36.Rb5 Rxc3 37.Rxc3 Rxc3 38.Rc5 Rxc5 39.dxc5 Nb4 40.Ke1 Nd3+ 
41.Kd2 Nxf2 42.Ke3 Nd1+ 0-1

[Event "Xtracon Chess Open 2018"]
[Site "Elsinore"]
[Date "2018.07.21"]
[Round "1"]
[White "Hammer, Jon Ludvig"]
[Black "Nielsen, Morten Majlund"]
[Result "1-0"]
[WhiteElo "2631"]
[BlackElo "1959"]
[EventDate "2018.07.21"]
[WhiteFideId "1503707"]
[BlackFideId "1445448"]

1.c4 Nf6 2.Nf3 e6 3.d4 d5 4.e3 c6 5.b3 Bb4+ 6.Nbd2 O-O 7.Bb2 b6 8.Bd3 Bb7 
9.O-O Nbd7 10.Qe2 a5 11.a3 Bd6 12.Ne5 c5 13.cxd5 exd5 14.Bb5 Rc8 15.Rfd1 
Qe7 16.Nxd7 Nxd7 17.Nf1 Rfd8 18.Ng3 Bxg3 19.hxg3 Nf8 20.dxc5 bxc5 21.Rd2 
Rd6 22.Rad1 Re6 23.Qg4 Rg6 24.Qf5 Ne6 25.Bd3 Nf8 26.Qe5 Qxe5 27.Bxe5 Rb6 
28.Bc2 Ne6 29.Bc3 h6 30.Bxa5 Ra6 31.b4 Bc6 32.f3 c4 33.Kf2 Re8 34.Rxd5 
Bxd5 35.Rxd5 Rc8 36.e4 g6 37.Ke3 Kf8 38.a4 Ke7 39.e5 h5 40.f4 Rh8 41.Rb5 
Raa8 42.Rb7+ Kf8 43.Bc7 h4 44.Bd6+ Kg8 45.f5 Nd8 46.Rc7 h3 47.gxh3 Rxh3 
48.Kf3 gxf5 49.Bxf5 Rh2 50.Be4 1-0

[Event "Xtracon Chess Open 2018"]
[Site "Elsinore"]
[Date "2018.07.21"]
[Round "1"]
[White "Schrodt, Sebastian"]
[Black "Maze, Sebastien"]
[Result "0-1"]
[WhiteElo "1955"]
[BlackElo "2628"]
[EventDate "2018.07.21"]
[WhiteFideId "24675563"]
[BlackFideId "613762"]

1.Nf3 Nf6 2.c4 g6 3.g3 Bg7 4.Bg2 O-O 5.Nc3 d6 6.O-O c6 7.Qc2 e5 8.d3 h6 9.
b4 Re8 10.Bb2 Nbd7 11.Rfe1 Nf8 12.h3 Bd7 13.a4 Rc8 14.Nd2 d5 15.b5 Ne6 16.
e3 Ng5 17.Kh2 Be6 18.f4 exf4 19.exf4 Ngh7 20.Rad1 g5 21.fxg5 hxg5 22.Ne2 
Bf5 23.bxc6 bxc6 24.Nd4 Bg6 25.N2f3 Rxe1 26.Rxe1 c5 27.Nb5 a6 28.Na3 d4 
29.Bc1 Qc7 30.Nxg5 Nh5 31.Qf2 Be5 32.Rxe5 Qxe5 33.Nxh7 Kxh7 34.Bf3 Re8 35.
Bxh5 Bxh5 36.Bf4 Qe2 37.Kg2 Qxd3 0-1

[Event "Xtracon Chess Open 2018"]
[Site "Elsinore"]
[Date "2018.07.21"]
[Round "1"]
[White "Tari, Aryan"]
[Black "Munshi, Aditya"]
[Result "1/2-1/2"]
[WhiteElo "2615"]
[BlackElo "1953"]
[EventDate "2018.07.21"]
[WhiteFideId "1510045"]
[BlackFideId "436720"]

1.c4 e5 2.Nc3 Bb4 3.Nd5 Bc5 4.Nf3 c6 5.Nc3 d6 6.e3 Qe7 7.d4 exd4 8.Nxd4 
Nf6 9.Be2 O-O 10.O-O d5 11.b3 Rd8 12.Bb2 dxc4 13.bxc4 Na6 14.Qc2 Ba3 15.
Bxa3 Qxa3 16.Rad1 Bg4 17.f3 Bh5 18.Rd2 Bg6 19.e4 Qe7 20.Rfd1 Rd7 21.Na4 
Nc5 22.Nxc5 Qxc5 23.Kh1 Rad8 24.Nb3 Qe7 25.c5 Rxd2 26.Rxd2 Rxd2 27.Qxd2 
Nd7 28.Qf4 Ne5 29.Qe3 h6 30.Qd4 f5 31.f4 Nd7 32.Qd6 Qxe4 33.Bf1 1/2-1/2

[Event "Xtracon Chess Open 2018"]
[Site "Elsinore"]
[Date "2018.07.21"]
[Round "1"]
[White "Haraldsson, Leif"]
[Black "Andersen, Mads"]
[Result "0-1"]
[WhiteElo "1942"]
[BlackElo "2597"]
[EventDate "2018.07.21"]
[WhiteFideId "1710648"]
[BlackFideId "1413864"]

1.f4 c5 2.Nf3 Nf6 3.g3 g6 4.Bg2 Bg7 5.c3 O-O 6.O-O d5 7.e3 b6 8.d4 Ba6 9.
Re1 Nbd7 10.Qa4 Qc8 11.Nbd2 e6 12.Ne5 Bb7 13.Ndf3 Nb8 14.Bd2 Ne4 15.Rad1 
f6 16.Nd3 Nc6 17.Bc1 Ne7 18.Nd2 Rd8 19.Nf2 Nxf2 20.Kxf2 e5 21.Nf3 e4 22.
Ng1 Ba6 23.dxc5 Bc4 24.cxb6 axb6 25.Qc2 Rxa2 26.Bf1 f5 27.Bxc4 Qxc4 28.Rd2
Nc6 29.Ne2 b5 30.Red1 b4 31.b3 Rxc2 32.bxc4 Rxd2 33.Rxd2 bxc3 34.Rxd5 Rxd5
35.cxd5 Nb4 36.d6 Nd3+ 37.Kf1 Kf7 38.Ba3 Ke6 39.Nc1 Nxc1 40.Bxc1 Kxd6 41.
Ke2 Kd5 0-1

[Event "Xtracon Chess Open 2018"]
[Site "Elsinore"]
[Date "2018.07.21"]
[Round "1"]
[White "Bosiocic, Marin"]
[Black "Skovgaard, Ib"]
[Result "1-0"]
[WhiteElo "2589"]
[BlackElo "1934"]
[EventDate "2018.07.21"]
[WhiteFideId "14507927"]
[BlackFideId "1406760"]

1.e4 Nf6 2.e5 Nd5 3.d4 d6 4.Nf3 dxe5 5.Nxe5 g6 6.Bc4 Be6 7.Bb3 Bg7 8.O-O 
O-O 9.Re1 Nd7 10.Nf3 b5 11.Ng5 c5 12.Rxe6 c4 13.Re1 e5 14.Qf3 N5b6 15.Qh3 
h6 16.Nf3 exd4 17.Bxh6 cxb3 18.axb3 d3 19.cxd3 Nc5 20.Nc3 Nxb3 21.Ng5 Qd4 
22.Nxb5 Qxb2 23.Rab1 Rfe8 24.Rf1 Qf6 25.Rxb3 Nd5 26.Bxg7 Qxg7 27.Nd6 Nf4 
28.Qf3 Ne2+ 29.Kh1 Nd4 30.Qd5 Nxb3 31.Nxe8 Rxe8 32.Qxb3 Qf6 33.Ne4 1-0

[Event "Xtracon Chess Open 2018"]
[Site "Elsinore"]
[Date "2018.07.21"]
[Round "1"]
[White "Mehringer, Joerg"]
[Black "Hansen, Sune Berg"]
[Result "0-1"]
[WhiteElo "1933"]
[BlackElo "2584"]
[EventDate "2018.07.21"]
[WhiteFideId "12915351"]
[BlackFideId "1400266"]

1.e4 Nf6 2.e5 Nd5 3.d4 d6 4.c4 Nb6 5.f4 dxe5 6.fxe5 Nc6 7.Be3 Bf5 8.Nf3 e6
9.Be2 Nb4 10.Na3 Be7 11.O-O O-O 12.Qd2 c5 13.dxc5 Qxd2 14.Nxd2 Nd7 15.Nf3 
Nxc5 16.Nd4 Bd3 17.Rfe1 Bxe2 18.Rxe2 Nbd3 19.Nf3 Na4 20.Bd4 Rfd8 21.Rb1 
Rac8 22.Nc2 Rxc4 23.Rd2 Nb4 24.Nxb4 Bxb4 25.Rdd1 Rcc8 26.Bxa7 b6 27.b3 Nc3
28.Rxd8+ Rxd8 29.Rb2 Rd1+ 30.Kf2 Rd7 0-1

[Event "Xtracon Chess Open 2018"]
[Site "Elsinore"]
[Date "2018.07.21"]
[Round "1"]
[White "Agdestein, Simen"]
[Black "Kizatbay, Alseit"]
[Result "1-0"]
[WhiteElo "2581"]
[BlackElo "1932"]
[EventDate "2018.07.21"]
[WhiteFideId "1500015"]
[BlackFideId "13712209"]

1.e4 c5 2.Nf3 d6 3.d4 cxd4 4.Nxd4 Nf6 5.f3 e5 6.Bb5+ Bd7 7.Bxd7+ Qxd7 8.
Nf5 g6 9.Ne3 Bg7 10.O-O O-O 11.Qd3 Nh5 12.Rd1 Nf4 13.Qxd6 Qxd6 14.Rxd6 
Ne2+ 15.Kf2 Nxc1 16.a3 Nc6 17.Nc3 Nb3 18.cxb3 Nd4 19.b4 f5 20.Rd1 Rf7 21.
Rd5 Raf8 22.exf5 gxf5 23.Nc4 Re7 24.f4 Ne6 25.fxe5 Nf4 26.Rd7 Rfe8 27.Rxe7
Rxe7 28.g3 Ng6 29.Rd8+ Nf8 30.Nd5 Re6 31.Rb8 Bxe5 32.Nxe5 Rxe5 33.Nf6+ Kg7
34.Rxf8 Re7 35.Nxh7 Rc7 36.Rxf5 1-0

[Event "Xtracon Chess Open 2018"]
[Site "Elsinore"]
[Date "2018.07.21"]
[Round "1"]
[White "Linderod, Lars Erik"]
[Black "Svane, Rasmus"]
[Result "0-1"]
[WhiteElo "1931"]
[BlackElo "2580"]
[EventDate "2018.07.21"]
[WhiteFideId "1435965"]
[BlackFideId "4657101"]

1.e4 c6 2.d4 d5 3.exd5 cxd5 4.c4 Nf6 5.Nc3 g6 6.Qb3 Bg7 7.cxd5 O-O 8.Be2 
Na6 9.Bf3 b5 10.Nge2 b4 11.Na4 Qa5 12.Be3 Ng4 13.Rc1 Nxe3 14.fxe3 e5 15.
Rc5 Nxc5 16.dxc5 Ba6 17.d6 Rad8 18.Bc6 Bxe2 0-1

[Event "Xtracon Chess Open 2018"]
[Site "Elsinore"]
[Date "2018.07.21"]
[Round "1"]
[White "Jarlnaes, Erik"]
[Black "Urkedal, Frode Olav Olsen"]
[Result "0-1"]
[WhiteElo "1930"]
[BlackElo "2552"]
[EventDate "2018.07.21"]
[WhiteFideId "1414623"]
[BlackFideId "1506102"]

1.e4 c5 2.Nf3 d6 3.d4 cxd4 4.Nxd4 Nf6 5.Nc3 a6 6.Be2 e5 7.Nb3 Be7 8.O-O 
O-O 9.Be3 Be6 10.Nd5 Nxd5 11.exd5 Bf5 12.c4 Nd7 13.Rc1 Bg5 14.f4 exf4 15.
Bxf4 Bxf4 16.Rxf4 Bg6 17.Qd4 a5 18.Bd3 a4 19.Nd2 Bxd3 20.Qxd3 Qb6+ 21.Qd4 
Ra6 22.Nf3 Re8 23.Rc2 h6 24.b4 axb3 25.axb3 Qxb3 26.Rb2 Ra1+ 27.Kf2 Ra2 
28.Rxa2 Qxa2+ 29.Kg3 Re2 30.Qg1 Nf6 31.Kh3 Ne4 32.Qf1 g5 33.Rf5 Qxc4 34.g4
Nf2+ 35.Kg3 Qxg4# 0-1

[Event "Xtracon Chess Open 2018"]
[Site "Elsinore"]
[Date "2018.07.21"]
[Round "1"]
[White "Chatalbashev, Boris"]
[Black "Stage-Steffensen, Sander"]
[Result "1-0"]
[WhiteElo "2543"]
[BlackElo "1928"]
[EventDate "2018.07.21"]
[WhiteFideId "2900440"]
[BlackFideId "1455796"]

1.d4 Nf6 2.c4 e6 3.Nf3 d5 4.Bg5 Be7 5.Nc3 O-O 6.e3 a6 7.Qc2 Nbd7 8.cxd5 
exd5 9.Bd3 c6 10.O-O-O h6 11.h4 b6 12.Bf5 Bb7 13.g4 c5 14.Bxf6 gxf6 15.g5 
b5 16.gxh6 cxd4 17.Rhg1+ Kh8 18.Rg7 1-0

[Event "Xtracon Chess Open 2018"]
[Site "Elsinore"]
[Date "2018.07.21"]
[Round "1"]
[White "Green, Per"]
[Black "Moradiabadi, Elshan"]
[Result "0-1"]
[WhiteElo "1927"]
[BlackElo "2538"]
[EventDate "2018.07.21"]
[WhiteFideId "1703811"]
[BlackFideId "12501255"]

1.Nf3 d5 2.d4 e6 3.c4 a6 4.b3 Nf6 5.g3 dxc4 6.bxc4 c5 7.Bg2 Nc6 8.Qa4 cxd4
9.O-O Bd7 10.Ba3 Bxa3 11.Nxa3 O-O 12.Rab1 Ne4 13.Qc2 Nc5 14.h4 Rc8 15.Ng5 
f5 16.Rfd1 Qa5 17.Qc1 h6 18.Nh3 e5 19.Bd5+ Kh8 20.f4 e4 21.Bxc6 Bxc6 22.
Rxd4 Rfd8 23.Nc2 Qxa2 24.Rb2 Nb3 25.Rxd8+ Rxd8 26.Nb4 Nxc1 27.Nxa2 Nxa2 
28.Rxa2 e3 29.Kh2 Rd2 0-1

[Event "Xtracon Chess Open 2018"]
[Site "Elsinore"]
[Date "2018.07.21"]
[Round "1"]
[White "Rasmussen, Allan Stig"]
[Black "Strachan, Christian C."]
[Result "1-0"]
[WhiteElo "2536"]
[BlackElo "1927"]
[EventDate "2018.07.21"]
[WhiteFideId "1406000"]
[BlackFideId "1417215"]

1.c4 Nf6 2.Nc3 c6 3.Nf3 d5 4.e3 a6 5.Qc2 e6 6.b3 Be7 7.Bb2 O-O 8.Rg1 b5 9.
g4 b4 10.Na4 Nbd7 11.Bd3 g6 12.h4 Ne8 13.h5 Bf6 14.hxg6 fxg6 15.Bxg6 Bxb2 
16.Bxh7+ Kh8 17.Qxb2+ Qf6 18.Qxf6+ Rxf6 19.Rh1 Kg7 20.Ke2 Nd6 21.g5 Rf8 
22.Nd4 Ne5 23.f4 Ne4 24.Bxe4 1-0

[Event "Xtracon Chess Open 2018"]
[Site "Elsinore"]
[Date "2018.07.21"]
[Round "1"]
[White "Justinussen, Sigurd B."]
[Black "Hjartarson, Johann"]
[Result "0-1"]
[WhiteElo "1921"]
[BlackElo "2523"]
[EventDate "2018.07.21"]
[WhiteFideId "7200773"]
[BlackFideId "2300044"]

1.e4 g6 2.d4 Bg7 3.c3 d6 4.Bd3 e5 5.Ne2 Nc6 6.d5 Nce7 7.O-O Nf6 8.f3 O-O 
9.Be3 c6 10.c4 Nh5 11.Nbc3 Nf4 12.Nxf4 exf4 13.Bf2 c5 14.Qd2 g5 15.g3 Ng6 
16.Ne2 Bh3 17.gxf4 gxf4 18.Kh1 Qg5 19.Bg3 Bxf1 20.Rxf1 Be5 21.Be1 Kh8 0-1

[Event "Xtracon Chess Open 2018"]
[Site "Elsinore"]
[Date "2018.07.21"]
[Round "1"]
[White "Delorme, Axel"]
[Black "Glibstrup, Jakob"]
[Result "1-0"]
[WhiteElo "2515"]
[BlackElo "1920"]
[EventDate "2018.07.21"]
[WhiteFideId "632023"]
[BlackFideId "1416146"]

1.d4 Nf6 2.g3 g6 3.Bg2 Bg7 4.e4 d6 5.Nc3 O-O 6.Nge2 Nc6 7.h3 e5 8.Be3 Nd7 
9.O-O Nb6 10.b3 exd4 11.Nxd4 Qf6 12.Nde2 g5 13.Qd2 g4 14.hxg4 Bxg4 15.f3 
Be6 16.Nd5 Qd8 17.Rae1 f5 18.Nef4 Bd7 19.Nh5 Rf7 20.Bg5 Bd4+ 21.Kh2 Qc8 
22.Ne7+ Nxe7 23.Qxd4 f4 24.Nf6+ Rxf6 25.Qxf6 fxg3+ 26.Kxg3 Qf8 27.Qxe7 1-0

[Event "Xtracon Chess Open 2018"]
[Site "Elsinore"]
[Date "2018.07.21"]
[Round "1"]
[White "Jacobsen, Heidrikur T."]
[Black "Venkataraman, Karthik"]
[Result "0-1"]
[WhiteElo "1918"]
[BlackElo "2514"]
[EventDate "2018.07.21"]
[WhiteFideId "7200340"]
[BlackFideId "25006479"]

1.d4 Nf6 2.Nf3 d5 3.Bf4 c5 4.e3 Nc6 5.c3 e6 6.Nbd2 Bd6 7.Ne5 Qc7 8.Bb5 O-O
9.Ndf3 Nh5 10.Bd3 Nxf4 11.exf4 f6 12.Bxh7+ Kxh7 13.Qd3+ Kg8 14.Qg6 cxd4 
15.Qh5 Bxe5 16.fxe5 Nxe5 0-1

[Event "Xtracon Chess Open 2018"]
[Site "Elsinore"]
[Date "2018.07.21"]
[Round "1"]
[White "Christensen, Jacob Foged"]
[Black "Grigorov, Grigor"]
[Result "0-1"]
[WhiteElo "1916"]
[BlackElo "2506"]
[EventDate "2018.07.21"]
[WhiteFideId "1439073"]
[BlackFideId "2907313"]

1.d4 Nf6 2.Nf3 e6 3.Bg5 h6 4.Bh4 c5 5.c3 Qb6 6.Qb3 Nc6 7.Qxb6 axb6 8.e3 d5
9.Nbd2 c4 10.Be2 b5 11.b4 Nd7 12.e4 dxe4 13.Ng1 g5 14.Bg3 f5 15.f4 Nf6 0-1

[Event "Xtracon Chess Open 2018"]
[Site "Elsinore"]
[Date "2018.07.21"]
[Round "1"]
[White "Hector, Jonny"]
[Black "Andersen, Dag"]
[Result "1-0"]
[WhiteElo "2499"]
[BlackElo "1915"]
[EventDate "2018.07.21"]
[WhiteFideId "1700090"]
[BlackFideId "1504568"]

1.e4 c5 2.Nf3 e6 3.Nc3 Nc6 4.d4 cxd4 5.Nxd4 Qc7 6.f4 a6 7.Nxc6 bxc6 8.e5 
d5 9.Bd3 Bb4 10.Bd2 c5 11.a3 Bxc3 12.Bxc3 d4 13.Bd2 Bb7 14.Qe2 Ne7 15.c3 
dxc3 16.Bxc3 O-O 17.Rc1 Qb6 18.Qf2 Nd5 19.O-O Rac8 20.f5 exf5 21.Bxf5 Rcd8
22.Bd2 Bc8 23.Be4 Qxb2 24.Rxc5 Be6 25.Ba5 Qxf2+ 26.Rxf2 Rd7 27.Bd3 Ne3 28.
Rd2 g6 29.Bxa6 Rxd2 30.Bxd2 Nf5 31.Bb4 Rd8 32.Kf2 h5 33.Bc4 Nd4 34.Bxe6 
Nxe6 35.Rb5 Rd4 36.a4 Nc7 37.Rb8+ Kh7 38.Bd6 Ne6 39.a5 Ra4 40.Bb4 g5 41.
Rb7 Kg6 42.Ke3 Nd8 43.Rb6+ Kg7 44.Kd3 Ne6 45.Kc4 Ra2 46.Kb3 Rxg2 47.a6 
Rxh2 48.a7 Nc7 49.Rb7 Na8 50.e6 1-0

[Event "Xtracon Chess Open 2018"]
[Site "Elsinore"]
[Date "2018.07.21"]
[Round "1"]
[White "Voll, Oddvar U"]
[Black "Thybo, Jesper Sondergaard"]
[Result "0-1"]
[WhiteElo "1915"]
[BlackElo "2497"]
[EventDate "2018.07.21"]
[WhiteFideId "1533827"]
[BlackFideId "1438832"]

1.e4 c5 2.c3 g6 3.d4 cxd4 4.cxd4 d5 5.exd5 Nf6 6.Nc3 Bg7 7.Bc4 O-O 8.Nf3 
Nbd7 9.O-O Nb6 10.Bb3 Nbxd5 11.Ne5 e6 12.Bg5 h6 13.Bh4 Ne7 14.f4 Nf5 15.
Bf2 b5 16.Nxb5 Ba6 17.Bc4 Ne4 18.Qa4 Bxb5 19.Bxb5 Nxf2 20.Rxf2 Qxd4 21.Rd1
Qxa4 22.Bxa4 g5 23.g3 Ne3 24.Rd3 Bxe5 25.fxe5 Nc4 26.Re2 Rfd8 27.Rxd8+ 
Rxd8 28.Bb5 Nb6 29.b4 Rd1+ 30.Kf2 Nd5 31.Rb2 Rh1 32.Kf3 Re1 33.Be2 Rc1 34.
Bd3 Kf8 35.Ke4 Ke7 36.b5 h5 37.Rc2 Nc3+ 38.Kd4 Nxb5+ 39.Kc5 Rxc2+ 40.Bxc2 
Nc3 41.Kc4 Nxa2 42.Bd1 a5 43.Bxh5 Nb4 44.Bf3 Nc2 45.Be4 Ne3+ 46.Kd4 Nf1 
47.Kc5 Nxh2 48.Kb5 Nf1 49.g4 Nh2 0-1

[Event "Xtracon Chess Open 2018"]
[Site "Elsinore"]
[Date "2018.07.21"]
[Round "1"]
[White "Bekker-Jensen, Simon"]
[Black "Damm-Frydenberg, Anders"]
[Result "1-0"]
[WhiteElo "2483"]
[BlackElo "1909"]
[EventDate "2018.07.21"]
[WhiteFideId "1403613"]
[BlackFideId "1462970"]

1.d4 d5 2.c4 e6 3.Nc3 Be7 4.cxd5 exd5 5.Bf4 c6 6.e3 Bd6 7.Nge2 Ne7 8.Bxd6 
Qxd6 9.Ng3 Nd7 10.Bd3 Nf6 11.Qc2 g6 12.O-O O-O 13.f3 Ne8 14.Nce2 Ng7 15.e4
f5 16.e5 Qd8 17.f4 Ne6 18.b4 b6 19.Qc3 Bb7 20.Nc1 Qd7 21.Nb3 Rfc8 22.Rac1 
Rc7 23.Ne2 Rac8 24.Qb2 c5 25.bxc5 bxc5 26.Nxc5 Nxc5 27.dxc5 Rxc5 28.Rxc5 
Rxc5 29.Nd4 Ba8 30.Qb8+ Rc8 31.Qd6 Qxd6 32.exd6 Nc6 33.Rc1 Kf8 34.d7 Rd8 
35.Nxc6 Bxc6 36.Rxc6 Rxd7 37.a4 Ke7 38.Kf2 Rb7 39.Bb5 Rb6 40.Rc7+ Kd6 41.
Rxa7 1-0

[Event "Xtracon Chess Open 2018"]
[Site "Elsinore"]
[Date "2018.07.21"]
[Round "1"]
[White "Gula, Julian"]
[Black "Aagaard, Jacob"]
[Result "0-1"]
[WhiteElo "1909"]
[BlackElo "2482"]
[EventDate "2018.07.21"]
[WhiteFideId "12954799"]
[BlackFideId "1401815"]

1.e4 c5 2.Nc3 Nc6 3.Nge2 e6 4.g3 a6 5.Bg2 b5 6.O-O Bb7 7.Re1 Rc8 8.d4 cxd4
9.Nxd4 Bc5 10.Nb3 Ba7 11.Nd5 Ne5 12.Bf4 d6 13.Be3 Bxe3 14.Nxe3 Nf6 15.f4 
Nc4 16.e5 Nxe3 17.Rxe3 Nd5 18.Re2 dxe5 19.Rxe5 O-O 20.c3 Qc7 21.Qe2 Nb6 
22.Rc5 Qb8 23.Bxb7 Qxb7 24.Rxc8 Rxc8 25.Rd1 Nc4 26.Nd4 Qb6 27.Kg2 Qc5 28.
Rd3 Rd8 29.Nc2 Rxd3 30.Qxd3 Nxb2 31.Qd8+ Qf8 32.Qxf8+ Kxf8 33.Nb4 a5 34.
Nc6 Nd1 35.Nxa5 Nxc3 36.a3 Nb1 37.Nc6 Nxa3 38.Kf2 Nc4 39.Ke2 Nb6 40.Kd3 
Nd5 41.Nd4 b4 42.Kc4 Ke7 43.h3 h5 44.Kc5 g6 45.g4 Nxf4 0-1

[Event "Xtracon Chess Open 2018"]
[Site "Elsinore"]
[Date "2018.07.21"]
[Round "1"]
[White "Notkevich, Benjamin Arvola"]
[Black "Nielsen, Carsten Juul"]
[Result "1-0"]
[WhiteElo "2471"]
[BlackElo "1909"]
[EventDate "2018.07.21"]
[WhiteFideId "1506536"]
[BlackFideId "1402242"]

1.e4 e5 2.Nf3 Nc6 3.d4 exd4 4.Nxd4 Nf6 5.Nc3 Bb4 6.Nxc6 bxc6 7.Bd3 O-O 8.
O-O Qe7 9.Qf3 h6 10.Bf4 d6 11.Rfe1 Be6 12.e5 Bxc3 13.bxc3 Bd5 14.exf6 
Qxe1+ 15.Rxe1 Bxf3 16.gxf3 g5 17.Be3 Rfe8 18.Rb1 Rab8 19.Rb4 1-0

[Event "Xtracon Chess Open 2018"]
[Site "Elsinore"]
[Date "2018.07.21"]
[Round "1"]
[White "Meyer, Juergen"]
[Black "Ochsner, Bjorn Moller"]
[Result "0-1"]
[WhiteElo "1908"]
[BlackElo "2469"]
[EventDate "2018.07.21"]
[WhiteFideId "24661759"]
[BlackFideId "1416928"]

1.e4 c5 2.Nf3 d6 3.d4 cxd4 4.Qxd4 a6 5.c4 Nc6 6.Qd2 g6 7.b3 Bg7 8.Bb2 Nf6 
9.Nc3 O-O 10.h3 Nd7 11.Nd5 Nde5 12.Be2 e6 13.Ne3 Nxf3+ 14.Bxf3 Ne5 15.Be2 
b5 16.Ng4 Qb6 17.Nxe5 dxe5 18.Qb4 Rd8 19.cxb5 Bb7 20.O-O a5 21.Qe1 Bxe4 
22.Rd1 Qb7 23.Rxd8+ Rxd8 24.f3 Bd5 25.Bc3 a4 26.Qa1 Qa7+ 27.Kh1 axb3 28.
axb3 Qxa1 29.Rxa1 e4 30.Bxg7 Kxg7 31.Rd1 Ra8 32.Bc4 e3 33.Re1 Bxc4 34.bxc4
Ra3 35.b6 Rb3 36.b7 Rxb7 37.Rxe3 Rc7 38.Rc3 Kf6 39.Kh2 Ke5 40.Kg3 Kd4 41.
Rc1 Rxc4 42.Re1 Kd5 43.h4 e5 44.Rd1+ Ke6 45.Rd3 Rc2 46.Ra3 h5 47.Ra7 Rd2 
48.Rb7 Rd7 49.Rb3 f5 50.Rb6+ Rd6 51.Rb3 Kd5 52.Rd3+ Kc5 53.Ra3 Kb4 0-1